Psicoanálisis y perfeccionamiento individual (Registro nro. 1714)

Detalles MARC
000 -Cabecera
Campo de control interno 00439nam a2200181Ia 4500
005 - Fecha y hora del registro
control field 20260306143748.0
008 - Elementos de Longitud Fija
fixed length control field 260306t1963||||xx |||||||||||||| ||spa||
041 ## - Idioma
Codigo Idioma ESP
082 ## - DEWEY y NOTACIÓN INTERNA
Dewey 155.2
Notación Interna M64
100 ## - AUTOR
Autor denominación Miró Quesada, Oscar
Término de relación autor
245 #0 - TÍTULO DE MATERIAL BIBLIOGRÁFICO
Título Psicoanálisis y perfeccionamiento individual
260 ## - CIUDAD, EDITORIAL, AÑO
Año 1963
300 ## - DESCRIPCIÓN
N° Páginas 76 páginas :
Dimensiones 18 cm.
650 ## - TEMAS
Temas Generalidades
654 ## - PROGRAMAS
Programa Dpto. de Humanidades
942 ## - ELEMENTOS DE KOHA
Tipo de documento Libro
Nombre del creador Justo Noguera
Código de catalogador Justo Noguera
Esquema de clasificación Dewey Decimal Classification
Suppress in OPAC
Existencias
Codigo completo Registro Colección Copia número Disponibilidad Tipo de préstamo Biblioteca Actual Procedencia (Biblioteca) Ubicacón Fecha Ingreso Tipo de Adquisición Date last seen Total checkouts Price effective from Tipo de Item Estado del Material Fuente de Clasificación Damaged status Withdrawn status
155.2 M64 1071593 Universidad Católica San Pablo 1 Disponible Disponible Víctor Andrés Belaunde Víctor Andrés Belaunde Planta baja abierta 03/06/2026 Donación 06/03/2026   06/03/2026 Libro Bueno Dewey Decimal Classification